Χαρακτική - γραφικές τέχνες : ιστορία, τεχνικές, μέθοδοι, γλωσσάρια όρων
Αποθηκεύτηκε σε:
| Κύριος συγγραφέας: | |
|---|---|
| Μορφή: | Βιβλίο |
| Γλώσσα: | Greek |
| Δημοσίευση: |
Αθήνα :
Πεδίο,
2021.
|
| Σειρά: | Επιστημονικές εκδόσεις (Πεδίο (Εταιρεία))
|
| Θέματα: | |
| Ετικέτες: |
Προσθήκη ετικέτας
Δεν υπάρχουν, Καταχωρήστε ετικέτα πρώτοι!
|
MARC
| LEADER | 00000cam a2200000 a 4500 | ||
|---|---|---|---|
| 001 | 1/124758 | ||
| 008 | 220505s2021####gr | ||| |||| ||gre|| | ||
| 020 | |a 9789606353727 | ||
| 040 | |a GR-MyUa |b gre |c GR-MyUa |e AACR2 | ||
| 041 | 0 | |a gre | |
| 082 | 7 | |a 769.9495 |2 (23) | |
| 100 | 1 | |a Παυλόπουλος, Δημήτρης, |d 1966- | |
| 245 | 1 | 0 | |a Χαρακτική - γραφικές τέχνες : |b ιστορία, τεχνικές, μέθοδοι, γλωσσάρια όρων / |c Δημήτρη Παυλόπουλου. |
| 260 | |a Αθήνα : |b Πεδίο, |c 2021. | ||
| 300 | |a 269 σ. : |b εικ. ; |c 24 εκ. | ||
| 490 | 1 | |a (Επιστημονικές εκδόσεις / Πεδίο (Εταιρεία)) | |
| 504 | |a Βιβλιογραφία: σ. [225]-258. Ευρετήριο. | ||
| 650 | 0 | |a Prints, Greek. | |
| 650 | 0 | |a Graphic arts |z Greece. | |
| 830 | 0 | |a Επιστημονικές εκδόσεις (Πεδίο (Εταιρεία)) | |
| 920 | |a Εύδοξος |b Παραγγελία |y Σύρος-ΤΜΣΠΣ |z 2022-05 | ||
| 970 | |a Κοντού |b Παρασκευή |z 05/05/2022 | ||